00413nam a2200109Ia 4500008004100000020002200041100002100063245013800084260003800222300002800260650001500288200922s9999 xx 000 0 und d a978-621-8035-55-3 aPrieto, Nelia G. cNelia G. Prieto, Clotilde N. Arcangel, Brenda B. CorpuzaThe Teacher and the community, school culture and organizational leadership/ aManila:bLorimar Publishingc2019 axiii, 153 pagesc25 cm. aLeadership